Tribhuvan University Central Library

Risk and return analysis on commen stock investment of cemmercial banks (Record no. 62275)

MARC details
000 -LEADER
fixed length control field 00518 a2200181 4500
041 ## - LANGUAGE CODE
Language code of text/sound track or separate title Eng.
082 ## - DEWEY DECIMAL CLASSIFICATION NUMBER
Classification number CD5258
100 ## - MAIN ENTRY--PERSONAL NAME
Personal name Thapa, Nakul
-- 25825
245 ## - TITLE STATEMENT
Title Risk and return analysis on commen stock investment of cemmercial banks
260 ## - PUBLICATION, DISTRIBUTION, ETC. (IMPRINT)
Place of publication, distribution, etc Ktm
Name of publisher, distributor, etc NP
Date of publication, distribution, etc 2009
502 ## - DISSERTATION NOTE
Dissertation note Dissertation
Degree type Management
Name of granting institution Nepal commers campus
650 ## - SUBJECT ADDED ENTRY--TOPICAL TERM
Topical term or geographic name as entry element Risk
-- 6187
650 ## - SUBJECT ADDED ENTRY--TOPICAL TERM
Topical term or geographic name as entry element Indevestment decision
-- 25826
650 ## - SUBJECT ADDED ENTRY--TOPICAL TERM
Topical term or geographic name as entry element Market line
-- 25827
650 ## - SUBJECT ADDED ENTRY--TOPICAL TERM
Topical term or geographic name as entry element Poortfalio selection
-- 25828
653 ## - INDEX TERM--UNCONTROLLED
Uncontrolled term Management
942 ## - ADDED ENTRY ELEMENTS (KOHA)
Source of classification or shelving scheme Dewey Decimal Classification
Koha item type Audio Visual Materials
Holdings
Withdrawn status Lost status Source of classification or shelving scheme Damaged status Not for loan Home library Current library Date acquired Total Checkouts Full call number Barcode Date last seen Price effective from
    Dewey Decimal Classification     Tribhuvan University Central Library Tribhuvan University Central Library 08/23/2011   CD5258 A4906 08/23/2011 08/23/2011